Normal view
MARC view
- Geometry- solving problem
Entry Topical Term
001 - CONTROL NUMBER
- control field: 6082
003 - CONTROL NUMBER IDENTIFIER
- control field: JO-AjAnu
005 - DATE AND TIME OF LATEST TRANSACTION
- control field: 20230606071304.0
008 - FIXED-LENGTH DATA ELEMENTS
- fixed length control field: 230606|| aca||aabn | a|a d
040 ## - CATALOGING SOURCE
- Original cataloging agency: JO-AjAnu
- Transcribing agency: JO-AjAnu
150 ## - HEADING--TOPICAL TERM
- Topical term or geographic name entry element: Geometry- solving problem
670 ## - SOURCE DATA FOUND
- Source citation: Work cat.: (JO-AjAnu)3151: Gusev,V/ V.litvinenko/A. Mordkovich, author 6081, Solving Problems in GEOMETRY